[Event "Challenge"]
[Site "http://www.queenalice.com/game.php?id=692273"]
[Date "2009.12.3"]
[Round "-"]
[White "NandoBg"]
[Black "SKberlin"]
[Result "1/2-1/2"]
[WhiteElo "2157"]
[BlackElo "2222"]

1. Nc3 e5 2. Nf3 Nc6 3. e4 Nf6 4. h3 Bc5 5. Bc4 O-O 6. O-O d6 7. d3 Na5 8. Bb3
Bd7 9. Qe2 h6 10. Nh4 Nc6 11. Nf3 a5 12. a3 Re8 13. Bd2 Nd4 14. Nxd4 exd4 15.
Nd5 a4 16. Ba2 Nxd5 17. Bxd5 c6 18. Ba2 Be6 19. Bxe6 Rxe6 20. Qh5 Bb6 21. f4 Ba5
22. f5 Re5 23. Bf4 Rb5 24. Rab1 Qf6 25. h4 Bd8 26. g4 Qxh4 27. Bxd6 Qxh5 28.
gxh5 Bg5 29. Kg2 Rd8 30. Bg3 Rc5 31. Rf2 g6 32. hxg6 fxg6 33. fxg6 Kg7 1/2-1/2

[Event "Challenge"]
[Site "http://www.queenalice.com/game.php?id=693605"]
[Date "2009.12.6"]
[Round "-"]
[White "Diemerlin"]
[Black "SKberlin"]
[Result "1/2-1/2"]
[WhiteElo "2206"]
[BlackElo "2222"]

1. e4 e5 2. Nf3 Nc6 3. Bb5 Nf6 4. Qe2 a6 5. Ba4 Bc5 6. d3 O-O 7. Bg5 b5 8. Bb3
h6 9. Bh4 a5 10. c3 d6 11. Nbd2 g5 12. Nxg5 hxg5 13. Bxg5 Kg7 14. Nf1 Ra6 15.
Ne3 Ne7 16. Bxf6+ Kxf6 17. Qf3+ Kg7 18. Nf5+ Nxf5 19. exf5 Qf6 20. g4 Rh8 21.
O-O-O Rb6 22. h4 Bb7 23. Qh3 Bxh1 24. Rxh1 Bxf2 25. g5 Qd8 26. f6+ Kf8 27. Rh2
Bc5 28. d4 exd4 29. Bxf7 d5 30. Bg6 d3 31. h5 Bd6 32. Rf2 Bc5 1/2-1/2

[Event "AUTO-OPEN-1597"]
[Site "http://www.queenalice.com/game.php?id=699586"]
[Date "2009.12.18"]
[Round "2"]
[White "djpiu2"]
[Black "SKberlin"]
[Result "0-1"]
[WhiteElo "2013"]
[BlackElo "2220"]

1. d4 Nf6 2. c4 g6 3. Nc3 Bg7 4. Bg5 O-O 5. e4 c5 6. e5 cxd4 7. Qxd4 Nc6 8. Qe3
Ng4 9. Qe4 d6 10. Nf3 Bf5 11. Qe2 Ngxe5 12. Nxe5 Nd4 13. Qd1 Nc2+ 14. Ke2 Nxa1
15. Nd3 Bxc3 16. bxc3 Qa5 17. Qxa1 Bxd3+ 18. Kxd3 Qxg5 19. h4 Qf5+ 20. Ke3 d5
21. Bd3 Qe6+ 22. Kd4 dxc4 23. Bxc4 Rfd8+ 24. Kc5 Qb6# 0-1

[Event "AUTO-OPEN-1597"]
[Site "http://www.queenalice.com/game.php?id=699587"]
[Date "2009.12.18"]
[Round "2"]
[White "SKberlin"]
[Black "djpiu2"]
[Result "1-0"]
[WhiteElo "2249"]
[BlackElo "2035"]

1. e4 c6 2. d4 d5 3. e5 Bf5 4. Bd3 Bxd3 5. Qxd3 e6 6. Nc3 Ne7 7. Nf3 Nd7 8. O-O
Ng6 9. Be3 Be7 10. a4 O-O 11. a5 Bb4 12. a6 b6 13. Ne2 f6 14. c3 Be7 15. exf6
Nxf6 16. Nf4 Nxf4 17. Bxf4 Ne4 18. Qe3 c5 19. Ne5 Rc8 20. Rac1 g5 21. Bg3 Bd6
22. Nd3 Bxg3 23. fxg3 Qe7 24. Rf3 cxd4 25. cxd4 Rxc1+ 26. Qxc1 Re8 27. h3 Nd6
28. Ne5 Ra8 29. Qe3 Ne4 30. Rf7 Qb4 31. Kh2 Qxb2 32. Qf3 Qc3 33. Qg4 Re8 34.
Rxa7 Qc1 35. Qf3 Rf8 36. Rf7 Qc8 37. Rxf8+ 1-0

[Event "AUTO-OPEN-1597"]
[Site "http://www.queenalice.com/game.php?id=699590"]
[Date "2009.12.18"]
[Round "2"]
[White "vininb"]
[Black "SKberlin"]
[Result "0-1"]
[WhiteElo "1862"]
[BlackElo "2238"]

1. e4 e5 2. Nf3 Nc6 3. Bb5 Nf6 4. O-O Nxe4 5. d4 Be7 6. Qe2 Nd6 7. Bxc6 bxc6 8.
dxe5 Nf5 9. Qe4 g6 10. Nd4 Nxd4 11. Qxd4 O-O 12. Bh6 Re8 13. Nc3 d5 14. exd6 Bf6
15. Qa4 cxd6 16. Qxc6 Rb8 17. Rfe1 Be5 18. f4 Bb7 19. Qa4 Qb6+ 20. Kh1 Qxb2 21.
fxe5 Qxc3 22. Qxa7 Qxc2 23. exd6 Qxg2# 0-1

[Event "AUTO-OPEN-1597"]
[Site "http://www.queenalice.com/game.php?id=699591"]
[Date "2009.12.18"]
[Round "2"]
[White "SKberlin"]
[Black "vininb"]
[Result "1-0"]
[WhiteElo "2237"]
[BlackElo "1864"]

1. c4 b6 2. d4 Bb7 3. b4 d6 4. Nf3 Nd7 5. Nc3 e6 6. g3 Ngf6 7. Bg2 Be7 8. O-O
O-O 9. Qd3 h6 10. Rd1 d5 11. cxd5 Nxd5 12. Nxd5 Bxd5 13. e4 Bb7 14. a3 Nf6 15.
Ne5 Bd6 16. Qc2 Qe7 17. Nc4 b5 18. Na5 1-0

[Event "Challenge"]
[Site "http://www.queenalice.com/game.php?id=711601"]
[Date "2010.1.10"]
[Round "-"]
[White "SKberlin"]
[Black "castel1341"]
[Result "1-0"]
[WhiteElo "2292"]
[BlackElo "2188"]

1. e4 e6 2. Nf3 d5 3. exd5 exd5 4. d4 Bb4+ 5. c3 Be7 6. Bd3 Nf6 7. O-O O-O 8. h3
b6 9. Bf4 Ba6 10. Bxa6 Nxa6 11. Re1 c5 12. Qe2 Qc8 13. Qxe7 Re8 14. Qd6 Rxe1+
15. Nxe1 Qf5 16. g4 Qg6 17. Nd2 Re8 18. Qc6 h6 19. Qb7 Nb8 20. Bxb8 h5 21. dxc5
hxg4 22. h4 Qf5 23. c6 Re2 24. Bg3 Rxf2 25. Bxf2 g3 26. Bxg3 Qh3 27. Nf1 Ne4 28.
c7 Nxg3 29. c8=Q+ Qxc8 30. Qxc8+ Kh7 31. Nxg3 1-0

[Event "Challenge"]
[Site "http://www.queenalice.com/game.php?id=711947"]
[Date "2010.1.11"]
[Round "-"]
[White "Diemerlin"]
[Black "SKberlin"]
[Result "1/2-1/2"]
[WhiteElo "2178"]
[BlackElo "2296"]

1. e4 e5 2. Nf3 Nc6 3. Bb5 Nf6 4. Qe2 a6 5. Ba4 b5 6. Bb3 Bc5 7. d3 O-O 8. Bg5
h6 9. Bh4 a5 10. a4 b4 11. Nbd2 Re8 12. g4 d6 13. g5 hxg5 14. Bxg5 Bg4 15. Qf1
Be6 16. Bxe6 Rxe6 17. Rg1 Nd4 18. O-O-O Nxf3 19. Nxf3 b3 20. cxb3 Qb8 21. Nd2
Qb6 22. Qg2 Nd7 23. Qf3 Bd4 1/2-1/2

[Event "Challenge"]
[Site "http://www.queenalice.com/game.php?id=713705"]
[Date "2010.1.14"]
[Round "-"]
[White "SKberlin"]
[Black "GOrwell"]
[Result "1-0"]
[WhiteElo "2255"]
[BlackElo "2210"]

1. e4 c5 2. Nc3 e6 3. Nf3 a6 4. d4 cxd4 5. Nxd4 Qc7 6. Be2 Bb4 7. O-O Bxc3 8.
bxc3 Qxc3 9. Rb1 Ne7 10. Rb3 Qc7 11. Ba3 Nbc6 12. Nxc6 dxc6 13. Bd6 Qd7 14. Qd4
O-O 15. Rd1 Re8 16. Qb6 Nd5 17. Qc5 b6 18. Qa3 Rd8 19. Be5 Qe8 20. exd5 exd5 21.
Re3 Qd7 22. Qb2 f6 23. Bxf6 gxf6 24. Qxf6 1-0

[Event "Challenge"]
[Site "http://www.queenalice.com/game.php?id=720636"]
[Date "2010.1.26"]
[Round "-"]
[White "JDZ"]
[Black "SKberlin"]
[Result "1/2-1/2"]
[WhiteElo "2384"]
[BlackElo "2272"]

1. e4 e5 2. Nf3 Nc6 3. Bc4 Nf6 4. Ng5 d5 5. exd5 Na5 6. Bb5+ c6 7. dxc6 bxc6 8.
Qf3 Be7 9. Bxc6+ Nxc6 10. Qxc6+ Bd7 11. Qf3 O-O 12. Nc3 Ng4 13. Nge4 f5 14. Ng3
Rc8 15. Qd5+ Rf7 16. f3 Rc5 17. Qb3 Nf6 18. O-O Qc8 19. d3 Rc6 20. Kh1 Rb6 21.
Qc4 Rc6 22. Qb3 Rb6 23. Qc4 Rc6 24. Qb3 1/2-1/2

[Event "AUTO-OPEN-1593"]
[Site "http://www.queenalice.com/game.php?id=726591"]
[Date "2010.2.6"]
[Round "2"]
[White "Mago_negro"]
[Black "SKberlin"]
[Result "0-1"]
[WhiteElo "2048"]
[BlackElo "2291"]

1. e4 e5 2. Nf3 Nc6 3. Bb5 Nf6 4. O-O Bc5 5. c3 O-O 6. d4 Bb6 7. Bg5 h6 8. Bh4
d6 9. dxe5 dxe5 10. Qe2 Qe7 11. Bxc6 bxc6 12. Na3 a5 13. Rfe1 Ba6 14. Qc2 Qe6
15. Qb3 Nh5 16. Qxe6 fxe6 17. Rad1 g5 0-1

[Event "AUTO-OPEN-1593"]
[Site "http://www.queenalice.com/game.php?id=726594"]
[Date "2010.2.6"]
[Round "2"]
[White "SKberlin"]
[Black "SubRoger"]
[Result "1-0"]
[WhiteElo "2281"]
[BlackElo "2063"]

1. e4 e6 2. Nc3 d5 3. d4 Ne7 4. e5 c5 5. dxc5 Ng6 6. Be3 Nxe5 7. Nf3 Nxf3+ 8.
Qxf3 Nc6 9. O-O-O Be7 10. Qg3 O-O 11. Bh6 Bf6 12. Ne4 Qe7 13. Nxf6+ Qxf6 14. Bg5
Qe5 15. f4 Qe4 16. Bd3 Qa4 17. Bf6 g6 18. Qg5 1-0

[Event "AUTO-OPEN-1593"]
[Site "http://www.queenalice.com/game.php?id=726595"]
[Date "2010.2.6"]
[Round "2"]
[White "SubRoger"]
[Black "SKberlin"]
[Result "0-1"]
[WhiteElo "2067"]
[BlackElo "2275"]

1. e4 e5 2. Nf3 Nc6 3. Bb5 Nf6 4. Bxc6 dxc6 5. d3 Bd6 6. Bg5 h6 7. Bh4 O-O 8.
O-O Re8 9. Nbd2 b5 10. Qe2 a5 11. h3 Qe7 12. Nh2 a4 13. Kh1 Bc5 14. f4 exf4 15.
Rxf4 g5 16. Rxf6 Qxf6 17. Bg3 Qxb2 0-1